000 00512nam a2200205 a 4500
999 _c4638
_d4638
001 4638
003 BD-JhCC
005 20171130100846.0
008 171129b a|||| || | 000 0 d
035 _a(BD-JhCC)4638
040 _aBD-JhCC
_dBD-JhCC
041 _aben
082 _a891.442
_bBAR
245 _aবাড়ি নিয়ে বাড়াবাড়ি /
260 _abangladesh :
300 _a111 p. :
_bill. ;
_c16 cm.
650 _abengali Drama
942 _2ddc
_cBK